Statistics for Title in the Lyrics - Musicals

Click here to take the quiz!

General Stats

  • This quiz has been taken 46,310 times
    (32,201 since last reset)
  • The average score is 8 of 15

Answer Stats

Lyric% Correct
The hills are alive with {the} {sound} {of} {music}
95%
Brown paper packages tied up with strings / These are a few of {my} {favorite} {things}
88%
Just {a} {spoonful} {of} {sugar} helps the medicine go down 
87%
Somewhere {over} {the} {rainbow}, way up high / There's a land that I heard of, once in a lullaby
86%
I'm {singin}' {in} {the} {rain} / Just {singin}' {in} {the} {rain} / What a glorious feelin' / I'm happy again
70%
{Oh} {what} {a} {beautiful} {mornin}' / Oh what a beautiful day
56%
{Matchmaker}, {matchmaker}, make me a match / Find me a find, catch me a catch
48%
I've just met a girl named {Maria} / And suddenly that name / Will never be the same
41%
{Summertime} / And the livin' is easy / Fish are jumpin' / And the cotton is high
39%
{Don}'{t} {cry} {for} {me} {Argentina} / The truth is I never left you
37%
Life is a {cabaret}, old chum
37%
To dream {the} {impossible} {dream} / To fight the unbeatable foe
36%
{Seventy}-{six} {trombones} led the big parade
23%
{You}'{re} {the} {top} / You're the Coliseum / {You}'{re} {the} {top} / You're the Louvre Museum
18%
{Some} {enchanted} {evening}, you may see a stranger / You may see a stranger across a crowded room
17%

Score Distribution

Percentile by Number Answered

Percent of People with Each Score

Your Score History

You have not taken this quiz since the last reset